[Event "DEM U18 2022"]
[Site "Willingen GER"]
[Date "2022.06.08"]
[Round "5"]
[White "Musiolik, David"]
[Black "Dahl, Christoph"]
[Result "0-1"]
[Termination "normal"]
[Board "3"]
[BlackTitle "FM"]
[WhiteElo "2217"]
[BlackElo "2351"]
[WhiteClock "00:05:33"]
[BlackClock "00:42:33"]
[PlyCount "138"]
[WhiteFideId "12972355"]
[BlackFideId "16240235"]
[EventCountry "GER"]
[EventRounds "9"]
[EventType "swiss"]
[EventDate "2022.06.04"]

1. Nf3 {[%clk 1:30:52]} c5 {[%clk 1:30:42]} 2. c4 {[%clk 1:30:42]} Nc6 {[%clk
1:30:16]} 3. Nc3 {[%clk 1:30:28]} g6 {[%clk 1:29:52]} 4. e3 {[%clk 1:16:58]} e6
{[%clk 1:26:37]} 5. d4 {[%clk 1:16:31]} cxd4 {[%clk 1:24:23]} 6. exd4 {[%clk
1:16:51]} d5 {[%clk 1:20:42]} 7. c5 {[%clk 1:15:39]} Nf6 {[%clk 1:12:24]} 8.
Bb5 {[%clk 1:09:47]} Bg7 {[%clk 1:08:15]} 9. Bg5 {[%clk 1:01:27]} O-O {[%clk
1:07:10]} 10. Ne5 {[%clk 0:54:08]} Qc7 {[%clk 1:01:27]} 11. Bxf6 {[%clk
0:42:21]} Bxf6 {[%clk 1:01:44]} 12. f4 {[%clk 0:42:13]} Bg7 {[%clk 0:59:41]}
13. Qd2 {[%clk 0:38:23]} Nxe5 {[%clk 0:53:42]} 14. fxe5 {[%clk 0:37:44]} f6
{[%clk 0:50:36]} 15. exf6 {[%clk 0:34:37]} Rxf6 {[%clk 0:50:06]} 16. O-O-O
{[%clk 0:34:17]} b6 {[%clk 0:49:01]} 17. cxb6 {[%clk 0:31:07]} axb6 {[%clk
0:47:25]} 18. Kb1 {[%clk 0:29:45]} Bd7 {[%clk 0:39:35]} 19. g3 {[%clk 0:22:17]}
Bxb5 {[%clk 0:37:27]} 20. Nxb5 {[%clk 0:22:43]} Qc4 {[%clk 0:37:08]} 21. Nc3
{[%clk 0:21:27]} Raf8 {[%clk 0:30:06]} 22. Qe2 {[%clk 0:16:31]} Qxe2 {[%clk
0:17:30]} 23. Nxe2 {[%clk 0:17:00]} g5 {[%clk 0:16:07]} 24. Nc3 {[%clk
0:08:02]} Rf2 {[%clk 0:16:13]} 25. Rd3 {[%clk 0:08:08]} Rg2 {[%clk 0:15:39]}
26. Nd1 {[%clk 0:08:30]} h5 {[%clk 0:12:33]} 27. h3 {[%clk 0:06:59]} g4 {[%clk
0:12:10]} 28. hxg4 {[%clk 0:03:40]} hxg4 {[%clk 0:12:34]} 29. Re3 {[%clk
0:03:41]} Bxd4 {[%clk 0:11:15]} 30. Rxe6 {[%clk 0:03:59]} Rxg3 {[%clk 0:11:37]}
31. Rg6+ {[%clk 0:03:39]} Kf7 {[%clk 0:11:33]} 32. Rd6 {[%clk 0:03:53]} Rh3
{[%clk 0:10:21]} 33. Re1 {[%clk 0:02:26]} Rh5 {[%clk 0:10:18]} 34. Rf1+ {[%clk
0:01:38]} Ke7 {[%clk 0:10:40]} 35. Rxf8 {[%clk 0:01:50]} Kxd6 {[%clk 0:10:53]}
36. Rg8 {[%clk 0:02:12]} Rh4 {[%clk 0:10:57]} 37. Rg5 {[%clk 0:01:41]} Kc5
{[%clk 0:11:07]} 38. Kc2 {[%clk 0:01:12]} Rh2+ {[%clk 0:11:30]} 39. Kd3 {[%clk
0:00:43]} Rh3+ {[%clk 0:11:22]} 40. Ke2 {[%clk 0:00:35]} g3 {[%clk 0:09:20]}
41. Kf3 {[%clk 0:14:25]} g2+ {[%clk 0:37:19]} 42. Kxg2 {[%clk 0:14:34]} Rd3
{[%clk 0:37:43]} 43. Nc3 {[%clk 0:13:58]} Bxc3 {[%clk 0:38:07]} 44. bxc3 {[%clk
0:14:25]} Rxc3 {[%clk 0:38:32]} 45. Kf1 {[%clk 0:13:02]} Rc1+ {[%clk 0:38:27]}
46. Ke2 {[%clk 0:13:27]} Rc2+ {[%clk 0:38:52]} 47. Kd3 {[%clk 0:13:52]} Rxa2
{[%clk 0:39:18]} 48. Rg8 {[%clk 0:13:15]} Ra3+ {[%clk 0:39:41]} 49. Kc2 {[%clk
0:13:11]} Rh3 {[%clk 0:37:49]} 50. Rb8 {[%clk 0:11:42]} b5 {[%clk 0:37:49]} 51.
Rc8+ {[%clk 0:11:59]} Kb4 {[%clk 0:38:01]} 52. Rd8 {[%clk 0:12:12]} Rh2+ {[%clk
0:38:14]} 53. Kc1 {[%clk 0:07:42]} Kc3 {[%clk 0:37:59]} 54. Rc8+ {[%clk
0:07:56]} Kb3 {[%clk 0:38:05]} 55. Rc5 {[%clk 0:08:04]} b4 {[%clk 0:38:23]} 56.
Rxd5 {[%clk 0:08:23]} Rh1+ {[%clk 0:38:48]} 57. Kd2 {[%clk 0:08:49]} Kb2 {[%clk
0:39:13]} 58. Ra5 {[%clk 0:08:37]} b3 {[%clk 0:39:36]} 59. Ra8 {[%clk 0:08:53]}
Kb1 {[%clk 0:39:52]} 60. Ra5 {[%clk 0:08:11]} b2 {[%clk 0:40:13]} 61. Ra6
{[%clk 0:07:22]} Rh2+ {[%clk 0:40:30]} 62. Kd1 {[%clk 0:07:39]} Rh5 {[%clk
0:40:32]} 63. Kd2 {[%clk 0:07:49]} Rd5+ {[%clk 0:40:54]} 64. Ke2 {[%clk
0:08:09]} Kc2 {[%clk 0:41:18]} 65. Rc6+ {[%clk 0:08:35]} Kb3 {[%clk 0:41:43]}
66. Rb6+ {[%clk 0:08:57]} Kc3 {[%clk 0:42:08]} 67. Ke3 {[%clk 0:08:11]} Re5+
{[%clk 0:42:22]} 68. Kf2 {[%clk 0:08:19]} Re4 {[%clk 0:42:33]} 69. Kf3 {[%clk
0:05:33]} Rb4 0-1

[Event "DEM U18 2022"]
[Site "Willingen GER"]
[Date "2022.06.08"]
[Round "5"]
[White "Weishäutel, Moritz"]
[Black "Weihrauch, Jakob"]
[Result "1-0"]
[Termination "normal"]
[Board "4"]
[WhiteTitle "FM"]
[WhiteElo "2407"]
[BlackElo "2151"]
[WhiteClock "00:20:17"]
[BlackClock "00:02:13"]
[PlyCount "107"]
[WhiteFideId "12967300"]
[BlackFideId "16210115"]
[EventCountry "GER"]
[EventRounds "9"]
[EventType "swiss"]
[EventDate "2022.06.04"]

1. e4 {[%clk 1:30:57]} c5 {[%clk 1:30:52]} 2. c3 {[%clk 1:31:22]} Nf6 {[%clk
1:31:18]} 3. e5 {[%clk 1:31:48]} Nd5 {[%clk 1:31:44]} 4. Nf3 {[%clk 1:32:14]}
Nc6 {[%clk 1:31:09]} 5. Bc4 {[%clk 1:32:39]} Nb6 {[%clk 1:31:19]} 6. Bb3 {[%clk
1:33:05]} c4 {[%clk 1:30:33]} 7. Bc2 {[%clk 1:33:30]} d6 {[%clk 1:29:57]} 8.
exd6 {[%clk 1:33:54]} Qxd6 {[%clk 1:30:21]} 9. O-O {[%clk 1:34:19]} Bg4 {[%clk
1:20:24]} 10. h3 {[%clk 1:34:44]} Bh5 {[%clk 1:20:20]} 11. Re1 {[%clk 1:35:10]}
Ne5 {[%clk 1:10:30]} 12. Rxe5 {[%clk 1:34:38]} Bxf3 {[%clk 1:10:55]} 13. Qe1
{[%clk 1:35:05]} Bc6 {[%clk 1:06:14]} 14. b3 {[%clk 1:34:12]} e6 {[%clk
0:58:52]} 15. Ba3 {[%clk 1:27:18]} Qc7 {[%clk 0:57:40]} 16. Bxf8 {[%clk
1:27:35]} Kxf8 {[%clk 0:57:28]} 17. Na3 {[%clk 1:24:40]} Bd5 {[%clk 0:42:17]}
18. Nb5 {[%clk 1:19:18]} Qd7 {[%clk 0:36:30]} 19. Nd4 {[%clk 1:19:42]} Qd6
{[%clk 0:32:42]} 20. Qe2 {[%clk 1:11:34]} f6 {[%clk 0:24:10]} 21. Re3 {[%clk
1:02:24]} e5 {[%clk 0:20:36]} 22. Nf5 {[%clk 1:02:43]} Qd7 {[%clk 0:20:05]} 23.
Rg3 {[%clk 0:57:20]} g6 {[%clk 0:18:31]} 24. Ne3 {[%clk 0:55:45]} Rc8 {[%clk
0:15:17]} 25. h4 {[%clk 0:45:54]} Be6 {[%clk 0:09:02]} 26. h5 {[%clk 0:44:11]}
g5 {[%clk 0:08:27]} 27. Qf3 {[%clk 0:38:59]} Qf7 {[%clk 0:07:28]} 28. Bf5
{[%clk 0:39:01]} Bxf5 {[%clk 0:07:31]} 29. Qxf5 {[%clk 0:38:13]} Rd8 {[%clk
0:05:40]} 30. bxc4 {[%clk 0:35:19]} Rxd2 {[%clk 0:05:18]} 31. Rb1 {[%clk
0:35:33]} h6 {[%clk 0:02:37]} 32. c5 {[%clk 0:25:11]} Nd5 {[%clk 0:02:46]} 33.
Qc8+ {[%clk 0:22:41]} Qe8 {[%clk 0:02:55]} 34. Qxe8+ {[%clk 0:20:53]} Kxe8
{[%clk 0:03:24]} 35. Nc4 {[%clk 0:21:14]} Rc2 {[%clk 0:02:14]} 36. Rxb7 {[%clk
0:21:36]} Nxc3 {[%clk 0:02:10]} 37. Rb8+ {[%clk 0:18:50]} Ke7 {[%clk 0:01:58]}
38. Rxh8 {[%clk 0:19:13]} Ne2+ {[%clk 0:02:21]} 39. Kh2 {[%clk 0:19:40]} Rxc4
{[%clk 0:01:24]} 40. Ra3 {[%clk 0:19:48]} Rh4+ {[%clk 0:01:46]} 41. Rh3 {[%clk
0:20:13]} Rf4 {[%clk 0:01:49]} 42. Rxh6 {[%clk 0:19:46]} g4 {[%clk 0:01:32]}
43. Ra3 {[%clk 0:19:03]} Rxf2 {[%clk 0:01:38]} 44. Rxa7+ {[%clk 0:12:47]} Ke6
{[%clk 0:02:01]} 45. Rg6 {[%clk 0:03:56]} Kf5 {[%clk 0:19:31]} 46. Rf7 {[%clk
0:21:18]} g3+ {[%clk 0:18:49]} 47. Rxg3 {[%clk 0:21:43]} Nxg3 {[%clk 0:19:13]}
48. h6 {[%clk 0:21:26]} Rxa2 {[%clk 0:05:20]} 49. h7 {[%clk 0:19:50]} Nf1+
{[%clk 0:05:35]} 50. Kg1 {[%clk 0:20:13]} Ra8 {[%clk 0:05:00]} 51. Kxf1 {[%clk
0:19:23]} Kg6 {[%clk 0:04:38]} 52. Rd7 {[%clk 0:19:35]} Ra1+ {[%clk 0:01:55]}
53. Kf2 {[%clk 0:19:53]} Rh1 {[%clk 0:02:13]} 54. c6 {[%clk 0:20:17]} 1-0

[Event "DEM U18 2022"]
[Site "Willingen GER"]
[Date "2022.06.08"]
[Round "5"]
[White "Dobrikov, Marco"]
[Black "Jeschke, Jan"]
[Result "1-0"]
[Termination "normal"]
[Board "5"]
[WhiteTitle "FM"]
[WhiteElo "2234"]
[BlackElo "2125"]
[WhiteClock "00:11:12"]
[BlackClock "00:00:37"]
[PlyCount "57"]
[WhiteFideId "12950378"]
[BlackFideId "16225430"]
[EventCountry "GER"]
[EventRounds "9"]
[EventType "swiss"]
[EventDate "2022.06.04"]

1. e4 {[%clk 1:30:56]} c5 {[%clk 1:30:33]} 2. Nf3 {[%clk 1:31:22]} d6 {[%clk
1:30:53]} 3. d4 {[%clk 1:31:49]} cxd4 {[%clk 1:31:17]} 4. Nxd4 {[%clk 1:32:18]}
Nf6 {[%clk 1:31:31]} 5. Nc3 {[%clk 1:32:46]} a6 {[%clk 1:31:43]} 6. h3 {[%clk
1:32:17]} e6 {[%clk 1:30:53]} 7. g4 {[%clk 1:32:38]} Nfd7 {[%clk 1:30:35]} 8.
Be3 {[%clk 1:32:16]} b5 {[%clk 1:29:58]} 9. a3 {[%clk 1:31:22]} Bb7 {[%clk
1:30:03]} 10. g5 {[%clk 1:27:05]} Nb6 {[%clk 1:29:04]} 11. h4 {[%clk 1:19:16]}
N8d7 {[%clk 1:25:18]} 12. Bd3 {[%clk 0:59:31]} Rc8 {[%clk 1:20:28]} 13. Qe2
{[%clk 0:58:55]} Ne5 {[%clk 1:10:23]} 14. f4 {[%clk 0:45:45]} Nec4 {[%clk
1:09:39]} 15. Bc1 {[%clk 0:38:32]} g6 {[%clk 0:28:19]} 16. b3 {[%clk 0:34:26]}
Bg7 {[%clk 0:28:26]} 17. Qf2 {[%clk 0:34:53]} e5 {[%clk 0:18:32]} 18. fxe5
{[%clk 0:27:12]} Nxe5 {[%clk 0:18:24]} 19. Bb2 {[%clk 0:27:38]} d5 {[%clk
0:12:05]} 20. O-O-O {[%clk 0:27:31]} O-O {[%clk 0:12:23]} 21. Rhe1 {[%clk
0:23:33]} Nxd3+ {[%clk 0:06:57]} 22. Rxd3 {[%clk 0:23:58]} Re8 {[%clk 0:03:33]}
23. Rf1 {[%clk 0:18:29]} Qd7 {[%clk 0:02:40]} 24. Nde2 {[%clk 0:18:16]} Qc7
{[%clk 0:01:28]} 25. Rf3 {[%clk 0:14:19]} Re7 {[%clk 0:01:46]} 26. Rf6 {[%clk
0:14:01]} Bc6 {[%clk 0:00:44]} 27. Nd4 {[%clk 0:12:55]} Be8 {[%clk 0:00:49]}
28. exd5 {[%clk 0:11:48]} Rd7 {[%clk 0:00:37]} 29. Ne6 {[%clk 0:11:12]} 1-0

[Event "DEM U18 2022"]
[Site "Willingen GER"]
[Date "2022.06.08"]
[Round "5"]
[White "Colbow, Collin"]
[Black "Kallweit, Paul"]
[Result "1/2-1/2"]
[Termination "normal"]
[Board "6"]
[WhiteTitle "FM"]
[WhiteElo "2345"]
[BlackElo "1863"]
[WhiteClock "00:18:44"]
[BlackClock "00:15:27"]
[PlyCount "83"]
[WhiteFideId "16201132"]
[BlackFideId "16228081"]
[EventCountry "GER"]
[EventRounds "9"]
[EventType "swiss"]
[EventDate "2022.06.04"]

1. Nf3 {[%clk 1:30:54]} d5 {[%clk 1:29:38]} 2. g3 {[%clk 1:31:20]} Nf6 {[%clk
1:28:56]} 3. Bg2 {[%clk 1:31:46]} c5 {[%clk 1:27:12]} 4. O-O {[%clk 1:31:52]}
Nc6 {[%clk 1:27:23]} 5. c4 {[%clk 1:26:37]} d4 {[%clk 1:19:53]} 6. d3 {[%clk
1:14:29]} e5 {[%clk 1:10:56]} 7. e3 {[%clk 1:07:30]} dxe3 {[%clk 0:46:06]} 8.
fxe3 {[%clk 1:00:23]} Be7 {[%clk 0:39:51]} 9. Nc3 {[%clk 0:58:11]} O-O {[%clk
0:38:22]} 10. a3 {[%clk 0:57:04]} Bf5 {[%clk 0:27:46]} 11. Nxe5 {[%clk
0:28:58]} Nxe5 {[%clk 0:27:38]} 12. Rxf5 {[%clk 0:29:23]} Nxd3 {[%clk 0:27:00]}
13. Bxb7 {[%clk 0:27:18]} Rb8 {[%clk 0:22:36]} 14. Bd5 {[%clk 0:27:30]} Nxc1
{[%clk 0:20:56]} 15. Qxc1 {[%clk 0:27:47]} g6 {[%clk 0:20:40]} 16. Rf1 {[%clk
0:26:59]} Ng4 {[%clk 0:17:29]} 17. Ne4 {[%clk 0:18:44]} Nf6 {[%clk 0:16:29]}
18. Nc3 {[%clk 0:17:22]} Ng4 {[%clk 0:16:54]} 19. Rf4 {[%clk 0:15:41]} Ne5
{[%clk 0:13:09]} 20. Qc2 {[%clk 0:13:37]} Bg5 {[%clk 0:10:19]} 21. Re4 {[%clk
0:14:02]} Qe7 {[%clk 0:10:08]} 22. h4 {[%clk 0:11:17]} Bh6 {[%clk 0:09:57]} 23.
Kg2 {[%clk 0:04:40]} Kh8 {[%clk 0:08:24]} 24. Re1 {[%clk 0:04:44]} f5 {[%clk
0:01:48]} 25. Rf4 {[%clk 0:05:03]} Qc7 {[%clk 0:01:37]} 26. Rf2 {[%clk
0:03:51]} Ng4 {[%clk 0:01:33]} 27. Rfe2 {[%clk 0:04:20]} Rbe8 {[%clk 0:01:26]}
28. Bf3 {[%clk 0:03:15]} Rxe3 {[%clk 0:01:05]} 29. Nd5 {[%clk 0:02:32]} Qe5
{[%clk 0:00:47]} 30. Nxe3 {[%clk 0:02:23]} Nxe3+ {[%clk 0:01:04]} 31. Rxe3
{[%clk 0:02:35]} Bxe3 {[%clk 0:01:18]} 32. Qd3 {[%clk 0:02:35]} Re8 {[%clk
0:01:05]} 33. Bc6 {[%clk 0:01:58]} Re7 {[%clk 0:01:09]} 34. Re2 {[%clk
0:01:30]} Qd4 {[%clk 0:01:07]} 35. Qb3 {[%clk 0:01:01]} Kg7 {[%clk 0:00:52]}
36. Bd5 {[%clk 0:00:41]} Qe5 {[%clk 0:00:43]} 37. Kf3 {[%clk 0:00:33]} f4
{[%clk 0:01:08]} 38. Qc3 {[%clk 0:00:48]} Qxc3 {[%clk 0:00:52]} 39. bxc3 {[%clk
0:01:17]} Kf6 {[%clk 0:01:02]} 40. gxf4 {[%clk 0:00:35]} Bc1 {[%clk 0:01:02]}
41. Be4 {[%clk 0:25:06]} Rd7 {[%clk 0:15:27]} 42. Bd5 {[%clk 0:18:44]} 1/2-1/2

[Event "DEM U18 2022"]
[Site "Willingen GER"]
[Date "2022.06.08"]
[Round "5"]
[White "Müller, Magnus"]
[Black "Hinrichs, Paul"]
[Result "1/2-1/2"]
[Termination "normal"]
[Board "7"]
[WhiteElo "2034"]
[BlackElo "2225"]
[WhiteClock "00:22:37"]
[BlackClock "00:45:52"]
[PlyCount "100"]
[WhiteFideId "16230060"]
[BlackFideId "12942545"]
[EventCountry "GER"]
[EventRounds "9"]
[EventType "swiss"]
[EventDate "2022.06.04"]

1. e4 {[%clk 1:30:39]} e5 {[%clk 1:30:54]} 2. Nf3 {[%clk 1:31:00]} Nc6 {[%clk
1:31:19]} 3. Bc4 {[%clk 1:31:17]} Bc5 {[%clk 1:31:43]} 4. c3 {[%clk 1:31:34]}
Nf6 {[%clk 1:32:08]} 5. d4 {[%clk 1:32:00]} exd4 {[%clk 1:32:28]} 6. e5 {[%clk
1:32:24]} d5 {[%clk 1:32:47]} 7. Bb5 {[%clk 1:32:49]} Ne4 {[%clk 1:33:07]} 8.
cxd4 {[%clk 1:33:14]} Bb4+ {[%clk 1:32:31]} 9. Bd2 {[%clk 1:33:37]} Nxd2 {[%clk
1:30:49]} 10. Nbxd2 {[%clk 1:34:00]} O-O {[%clk 1:29:24]} 11. O-O {[%clk
1:34:26]} Ne7 {[%clk 1:25:56]} 12. a3 {[%clk 1:34:45]} Ba5 {[%clk 1:25:58]} 13.
b4 {[%clk 1:35:10]} Bb6 {[%clk 1:26:27]} 14. Bd3 {[%clk 1:35:35]} Nf5 {[%clk
1:11:47]} 15. Nb3 {[%clk 1:30:31]} a5 {[%clk 1:10:35]} 16. Re1 {[%clk 1:06:11]}
Nh4 {[%clk 0:59:47]} 17. Nxh4 {[%clk 1:01:54]} Qxh4 {[%clk 0:58:34]} 18. g3
{[%clk 0:58:02]} Qg4 {[%clk 0:55:13]} 19. Be2 {[%clk 0:55:53]} Qg6 {[%clk
0:55:12]} 20. Nc5 {[%clk 0:52:47]} Ra7 {[%clk 0:52:25]} 21. Bf3 {[%clk
0:39:11]} c6 {[%clk 0:52:41]} 22. Qd2 {[%clk 0:39:28]} f6 {[%clk 0:50:08]} 23.
Bg2 {[%clk 0:27:58]} fxe5 {[%clk 0:49:02]} 24. dxe5 {[%clk 0:25:36]} Bf5 {[%clk
0:39:48]} 25. Na4 {[%clk 0:22:28]} Bd8 {[%clk 0:27:33]} 26. Qd4 {[%clk
0:22:03]} Ra8 {[%clk 0:26:27]} 27. b5 {[%clk 0:21:33]} Kh8 {[%clk 0:26:18]} 28.
bxc6 {[%clk 0:21:23]} bxc6 {[%clk 0:26:42]} 29. Rac1 {[%clk 0:21:40]} Rb8
{[%clk 0:25:39]} 30. Rc3 {[%clk 0:14:56]} h5 {[%clk 0:23:20]} 31. Rec1 {[%clk
0:14:54]} h4 {[%clk 0:23:31]} 32. Rxc6 {[%clk 0:13:40]} Qxc6 {[%clk 0:20:26]}
33. Rxc6 {[%clk 0:13:42]} Rb1+ {[%clk 0:20:47]} 34. Bf1 {[%clk 0:13:50]} Bh3
{[%clk 0:21:00]} 35. Qd3 {[%clk 0:13:25]} Rxf1+ {[%clk 0:21:17]} 36. Qxf1
{[%clk 0:11:29]} Bxf1 {[%clk 0:21:46]} 37. Kxf1 {[%clk 0:11:52]} Be7 {[%clk
0:21:16]} 38. Nc5 {[%clk 0:04:54]} hxg3 {[%clk 0:20:06]} 39. hxg3 {[%clk
0:05:21]} Rf5 {[%clk 0:20:13]} 40. f4 {[%clk 0:01:02]} Bxc5 {[%clk 0:16:44]}
41. Rxc5 {[%clk 0:01:25]} g5 {[%clk 0:17:12]} 42. Rxd5 {[%clk 0:29:34]} gxf4
{[%clk 0:47:32]} 43. Rxa5 {[%clk 0:29:31]} fxg3+ {[%clk 0:46:57]} 44. Kg2
{[%clk 0:29:57]} Rg5 {[%clk 0:47:14]} 45. Rc5 {[%clk 0:30:14]} Rg4 {[%clk
0:46:59]} 46. Ra5 {[%clk 0:24:11]} Kg7 {[%clk 0:47:09]} 47. Ra6 {[%clk
0:24:29]} Re4 {[%clk 0:44:47]} 48. e6 {[%clk 0:24:03]} Kf6 {[%clk 0:45:04]} 49.
Kxg3 {[%clk 0:23:21]} Rxe6 {[%clk 0:45:27]} 50. Rxe6+ {[%clk 0:22:37]} Kxe6
{[%clk 0:45:52]} 1/2-1/2

[Event "DEM U18 2022"]
[Site "Willingen GER"]
[Date "2022.06.08"]
[Round "5"]
[White "Zackrisson, Peter"]
[Black "Leonard, Timo"]
[Result "1-0"]
[Termination "normal"]
[Board "8"]
[WhiteElo "2020"]
[BlackElo "2018"]
[WhiteClock "00:29:42"]
[BlackClock "00:24:29"]
[PlyCount "155"]
[WhiteFideId "16282078"]
[BlackFideId "16208757"]
[EventCountry "GER"]
[EventRounds "9"]
[EventType "swiss"]
[EventDate "2022.06.04"]

1. e4 {[%clk 1:30:57]} c6 {[%clk 1:30:52]} 2. d4 {[%clk 1:31:10]} d5 {[%clk
1:31:17]} 3. e5 {[%clk 1:31:35]} c5 {[%clk 1:31:45]} 4. dxc5 {[%clk 1:31:34]}
e6 {[%clk 1:32:12]} 5. a3 {[%clk 1:31:05]} Bxc5 {[%clk 1:32:37]} 6. Qg4 {[%clk
1:30:42]} Ne7 {[%clk 1:33:03]} 7. Nf3 {[%clk 1:30:00]} O-O {[%clk 1:33:16]} 8.
Bd3 {[%clk 1:28:47]} f5 {[%clk 1:31:38]} 9. Qg3 {[%clk 1:20:23]} Ng6 {[%clk
1:29:25]} 10. O-O {[%clk 1:16:09]} Nc6 {[%clk 1:27:29]} 11. b4 {[%clk 1:13:23]}
Be7 {[%clk 1:27:12]} 12. Re1 {[%clk 1:09:57]} a5 {[%clk 1:25:09]} 13. b5 {[%clk
1:08:47]} Nb8 {[%clk 1:25:36]} 14. Nc3 {[%clk 0:56:55]} Nd7 {[%clk 1:20:33]}
15. Na4 {[%clk 0:57:05]} b6 {[%clk 1:07:17]} 16. c4 {[%clk 0:49:56]} Nc5 {[%clk
0:32:54]} 17. Nxc5 {[%clk 0:49:39]} bxc5 {[%clk 0:32:39]} 18. cxd5 {[%clk
0:45:45]} Qxd5 {[%clk 0:32:37]} 19. Rd1 {[%clk 0:38:06]} c4 {[%clk 0:31:12]}
20. Bc2 {[%clk 0:38:23]} Qxb5 {[%clk 0:30:46]} 21. Rb1 {[%clk 0:38:34]} Qc5
{[%clk 0:19:15]} 22. Be3 {[%clk 0:13:45]} Qxa3 {[%clk 0:19:18]} 23. Bd4 {[%clk
0:13:57]} Bd8 {[%clk 0:16:35]} 24. h4 {[%clk 0:09:47]} Qe7 {[%clk 0:13:56]} 25.
h5 {[%clk 0:07:59]} Nh4 {[%clk 0:14:02]} 26. Nd2 {[%clk 0:03:46]} Bb7 {[%clk
0:05:24]} 27. Nxc4 {[%clk 0:02:32]} Bxg2 {[%clk 0:05:24]} 28. Nd2 {[%clk
0:00:48]} Qg5 {[%clk 0:02:20]} 29. Bb3 {[%clk 0:00:41]} Kh8 {[%clk 0:01:31]}
30. Bxe6 {[%clk 0:00:36]} Qxg3 {[%clk 0:01:18]} 31. fxg3 {[%clk 0:00:58]} Nf3+
{[%clk 0:01:42]} 32. Kxg2 {[%clk 0:01:07]} Nxd4 {[%clk 0:02:05]} 33. Bd5 {[%clk
0:01:21]} Rc8 {[%clk 0:01:46]} 34. Nc4 {[%clk 0:01:36]} Nc2 {[%clk 0:01:13]}
35. Rdc1 {[%clk 0:00:35]} Nb4 {[%clk 0:01:08]} 36. Be6 {[%clk 0:00:50]} Rc5
{[%clk 0:00:50]} 37. Nd6 {[%clk 0:01:13]} Rxe5 {[%clk 0:00:34]} 38. Nf7+ {[%clk
0:01:34]} Rxf7 {[%clk 0:00:57]} 39. Bxf7 {[%clk 0:01:58]} g6 {[%clk 0:00:48]}
40. h6 {[%clk 0:01:09]} Re2+ {[%clk 0:00:34]} 41. Kf1 {[%clk 0:00:36]} Rh2
{[%clk 0:18:13]} 42. Rc8 {[%clk 0:30:47]} Rxh6 {[%clk 0:18:11]} 43. Rxd8+
{[%clk 0:31:03]} Kg7 {[%clk 0:18:39]} 44. Bd5 {[%clk 0:31:17]} Nxd5 {[%clk
0:18:54]} 45. Rb7+ {[%clk 0:31:37]} Ne7 {[%clk 0:18:29]} 46. Rxe7+ {[%clk
0:31:49]} Kf6 {[%clk 0:18:55]} 47. Ra7 {[%clk 0:31:59]} Rh1+ {[%clk 0:19:23]}
48. Kg2 {[%clk 0:32:17]} Ra1 {[%clk 0:19:46]} 49. Rda8 {[%clk 0:32:03]} Kg5
{[%clk 0:19:51]} 50. Rxa5 {[%clk 0:32:19]} Rb1 {[%clk 0:20:17]} 51. Ra2 {[%clk
0:32:11]} h5 {[%clk 0:20:10]} 52. R8a4 {[%clk 0:32:13]} Rc1 {[%clk 0:20:23]}
53. Rb4 {[%clk 0:30:24]} Rc6 {[%clk 0:20:25]} 54. Ra3 {[%clk 0:29:12]} Rd6
{[%clk 0:20:22]} 55. Kf3 {[%clk 0:29:26]} Rc6 {[%clk 0:20:45]} 56. Rab3 {[%clk
0:29:25]} Rd6 {[%clk 0:20:49]} 57. Rb6 {[%clk 0:29:38]} Rd4 {[%clk 0:21:14]}
58. R3b4 {[%clk 0:29:58]} Rd3+ {[%clk 0:21:35]} 59. Kg2 {[%clk 0:30:18]} Rd8
{[%clk 0:21:19]} 60. Ra6 {[%clk 0:30:32]} Rg8 {[%clk 0:21:07]} 61. Rbb6 {[%clk
0:30:00]} Rg7 {[%clk 0:21:33]} 62. Re6 {[%clk 0:29:52]} Rg8 {[%clk 0:21:53]}
63. Rad6 {[%clk 0:30:16]} Rg7 {[%clk 0:22:18]} 64. Kf3 {[%clk 0:30:40]} Rg8
{[%clk 0:22:32]} 65. Ke3 {[%clk 0:30:48]} Rg7 {[%clk 0:22:58]} 66. Kd4 {[%clk
0:31:01]} Rg8 {[%clk 0:23:20]} 67. Ke5 {[%clk 0:31:03]} Rg7 {[%clk 0:23:37]}
68. Rf6 {[%clk 0:31:06]} Re7+ {[%clk 0:23:36]} 69. Rde6 {[%clk 0:31:25]} Rg7
{[%clk 0:23:55]} 70. Kd6 {[%clk 0:31:24]} Rg8 {[%clk 0:23:51]} 71. Ke5 {[%clk
0:30:45]} Rg7 {[%clk 0:24:13]} 72. Rf8 {[%clk 0:28:49]} Ra7 {[%clk 0:22:49]}
73. Rg8 {[%clk 0:28:51]} Ra5+ {[%clk 0:23:16]} 74. Kd4 {[%clk 0:28:47]} Ra4+
{[%clk 0:23:43]} 75. Ke3 {[%clk 0:28:57]} Ra3+ {[%clk 0:23:58]} 76. Kf2 {[%clk
0:29:18]} Ra2+ {[%clk 0:24:13]} 77. Kf3 {[%clk 0:29:42]} Ra3+ {[%clk 0:24:29]}
78. Ke4 1-0

[Event "DEM U18 2022"]
[Site "Willingen GER"]
[Date "2022.06.08"]
[Round "5"]
[White "Weidemann, Jakob"]
[Black "Orf, Niklas"]
[Result "1-0"]
[Termination "normal"]
[Board "9"]
[WhiteElo "2047"]
[BlackElo "1797"]
[WhiteClock "00:26:33"]
[BlackClock "00:02:24"]
[PlyCount "53"]
[WhiteFideId "16255470"]
[BlackFideId "16245571"]
[EventCountry "GER"]
[EventRounds "9"]
[EventType "swiss"]
[EventDate "2022.06.04"]

1. e4 {[%clk 1:30:57]} d6 {[%clk 1:30:50]} 2. d4 {[%clk 1:31:17]} Nf6 {[%clk
1:31:13]} 3. Nc3 {[%clk 1:31:38]} Nbd7 {[%clk 1:31:35]} 4. Nf3 {[%clk 1:31:55]}
e5 {[%clk 1:31:48]} 5. Bc4 {[%clk 1:31:56]} Be7 {[%clk 1:31:57]} 6. O-O {[%clk
1:31:17]} c6 {[%clk 1:31:45]} 7. a4 {[%clk 1:31:37]} Qc7 {[%clk 1:32:06]} 8.
Re1 {[%clk 1:30:59]} h6 {[%clk 1:30:46]} 9. a5 {[%clk 1:29:07]} Nf8 {[%clk
1:30:14]} 10. b3 {[%clk 1:27:13]} Ne6 {[%clk 1:22:22]} 11. d5 {[%clk 1:27:12]}
Nf8 {[%clk 1:16:49]} 12. Qd3 {[%clk 1:18:06]} g5 {[%clk 1:13:50]} 13. b4 {[%clk
1:17:09]} Ng6 {[%clk 1:09:29]} 14. g3 {[%clk 1:15:29]} Rg8 {[%clk 1:05:28]} 15.
a6 {[%clk 1:08:34]} b5 {[%clk 0:52:03]} 16. Bb3 {[%clk 1:08:50]} Bd7 {[%clk
0:52:18]} 17. dxc6 {[%clk 0:57:18]} Qxc6 {[%clk 0:52:17]} 18. Ra5 {[%clk
0:55:50]} Bd8 {[%clk 0:48:46]} 19. Rxb5 {[%clk 0:52:38]} Rc8 {[%clk 0:48:05]}
20. Bb2 {[%clk 0:47:39]} Qxa6 {[%clk 0:20:24]} 21. Ra1 {[%clk 0:42:27]} Rxc3
{[%clk 0:15:43]} 22. Rxe5+ {[%clk 0:37:47]} Nxe5 {[%clk 0:14:31]} 23. Qxa6
{[%clk 0:38:04]} Rxf3 {[%clk 0:14:25]} 24. Qxd6 {[%clk 0:35:06]} Neg4 {[%clk
0:09:32]} 25. Rxa7 {[%clk 0:30:52]} Rxf2 {[%clk 0:02:06]} 26. Rxd7 {[%clk
0:26:17]} Nxd7 {[%clk 0:02:24]} 27. Ba4 {[%clk 0:26:33]} 1-0